00479 2200193 4500245004700000020001800047250001100065100001900076700001000095700002400105650001700129005001900146260004100165041001400206084001300220300003200233336000900265338001100274 aPrincess Tutu Vol. 2cSato, Jun-IchihText a979-20-8859-8 aCet. 1 aSato, Jun-Ichi aHelen aLoren Halim Widjaya aKomik Jepang a20230203132345 aJakartabElex Media Komputindoc2006 aIndonesia a741.5592 a... jil. :bilus. ;c17 cm. atext avolume